Problémy a trendy v poľnohospodárskom sektore Subsaharskej Afriky

Význam poľnohospodárskeho sektoru pre Subsaharskú Afriku. Pohľad na vývoj produktivity práce za posledné desaťročia. Najzávažnejšie faktory, ktoré vplývajú na nízku produktivitu.

Gespeichert in:
Bibliographische Detailangaben
1. Verfasser: Süllová, Júlia
Weitere Verfasser: Sejkora, Jiří
Format: Buchkapitel
Sprache:Slowakisch
Schlagworte:
Tags: Tag hinzufügen
Keine Tags, Fügen Sie das erste Tag hinzu!

MARC

LEADER 00000naa a2200000 4500
001 0246852
005 20220713131233.9
041 0 |a slo 
044 |a CZ 
245 1 0 |a Problémy a trendy v poľnohospodárskom sektore Subsaharskej Afriky  |c Júlia Süllová, Jiří Sejkora 
520 |a Význam poľnohospodárskeho sektoru pre Subsaharskú Afriku. Pohľad na vývoj produktivity práce za posledné desaťročia. Najzávažnejšie faktory, ktoré vplývajú na nízku produktivitu. 
610 2 0 |a Subsahara 
610 2 0 |a poľnohospodárstvo 
610 2 0 |a produktivita práce 
610 2 0 |a zamestnanosť 
610 2 0 |a rozvoj hospodársky 
100 1 |a Süllová, Júlia 
700 1 |a Sejkora, Jiří